| 000 | 00467nam a2200181Ia 4500 | ||
|---|---|---|---|
| 005 | 20240528110353.0 | ||
| 008 | 131103s9999 xx 000 0 und d | ||
| 040 | _aLoreto College | ||
| 041 | _aEnglish | ||
| 082 |
_a510.7 _bBIS |
||
| 100 | _aBishop, George D. | ||
| 245 |
_aTeaching Mathematics in the primary school _cGeorge D. Bishop |
||
| 260 |
_aLondon _bCollins _c1964 |
||
| 300 |
_a124p. _b ills. |
||
| 650 | _aMathematics | ||
| 850 | _aLCBED | ||
| 942 | _cBK | ||
| 999 |
_c28553 _d79032 |
||